|
|
|
|
| LEADER |
01672nam a2200469 4500 |
| 001 |
ocn899006748 |
| 003 |
OCoLC |
| 005 |
20170124071759.2 |
| 006 |
m o d |
| 007 |
cr cn||||||||| |
| 008 |
141202t20152015gw a ob 001 0 eng d |
| 040 |
|
|
|a E7B
|b eng
|e rda
|e pn
|c E7B
|d OCLCO
|d YDXCP
|d DG1
|d COO
|d OCLCF
|d OCLCQ
|d DEBBG
|d GrThAP
|
| 020 |
|
|
|a 9783527672707
|q (electronic bk.)
|
| 020 |
|
|
|a 3527672702
|q (electronic bk.)
|
| 020 |
|
|
|a 9783527672745
|q (e-book)
|
| 020 |
|
|
|a 3527672745
|q (e-book)
|
| 020 |
|
|
|a 3527335188
|
| 020 |
|
|
|a 9783527335183
|
| 020 |
|
|
|z 9783527335183
|
| 029 |
1 |
|
|a CHBIS
|b 010442358
|
| 029 |
1 |
|
|a CHVBK
|b 334091497
|
| 029 |
1 |
|
|a DEBBG
|b BV043397406
|
| 035 |
|
|
|a (OCoLC)899006748
|
| 050 |
|
4 |
|a QD341.H9
|b B87 2015eb
|
| 082 |
0 |
4 |
|a 541.395
|2 23
|
| 049 |
|
|
|a MAIN
|
| 100 |
1 |
|
|a Burke, Anthony J.,
|e author.
|
| 245 |
1 |
0 |
|a Catalytic arylation methods :
|b from the academic lab to industrial processes /
|c Anthony J. Burke and Carolina Silva Marques.
|
| 264 |
|
1 |
|a Weinheim, Germany :
|b Wiley-VCH Verlag GmbH & KGaA,
|c [2015]
|
| 264 |
|
4 |
|c ©2015
|
| 300 |
|
|
|a 1 online resource (525 pages) :
|b illustrations
|
| 336 |
|
|
|a text
|b txt
|2 rdacontent
|
| 337 |
|
|
|a computer
|b c
|2 rdamedia
|
| 338 |
|
|
|a online resource
|b cr
|2 rdacarrier
|
| 504 |
|
|
|a Includes bibliographical references and index.
|
| 588 |
0 |
|
|a Online resource; title from PDF title page (ebrary, viewed December 2, 2014).
|
| 650 |
|
0 |
|a Arylation.
|
| 650 |
|
7 |
|a Arylation.
|2 fast
|0 (OCoLC)fst00818284
|
| 655 |
|
4 |
|a Electronic books.
|
| 700 |
1 |
|
|a Marques, Carolina Silva,
|e author.
|
| 856 |
4 |
0 |
|u https://doi.org/10.1002/9783527672707
|z Full Text via HEAL-Link
|
| 994 |
|
|
|a 92
|b DG1
|